Online
Catalog

Canciones antiguas dominicanas : (Record no. 10558)

MARC details
000 -CABECERA
campo de control de longitud fija 02384nam a2200301 i 4500
001 - NÚMERO DE CONTROL
campo de control 000010809
003 - IDENTIFICADOR DEL NÚMERO DE CONTROL
campo de control DO-SdBNP
005 - FECHA Y HORA DE LA ÚLTIMA TRANSACCIÓN
campo de control 20240305081128.0
007 - CAMPO FIJO DE DESCRIPCIÓN FÍSICA--INFORMACIÓN GENERAL
campo de control de longitud fija ta
008 - DATOS DE LONGITUD FIJA--INFORMACIÓN GENERAL
campo de control de longitud fija 091012e2001 dr acg fr 001 mdspa d
020 ## - NÚMERO INTERNACIONAL ESTÁNDAR DEL LIBRO
Número Internacional Estándar del Libro 9993402168
040 ## - FUENTE DE LA CATALOGACIÓN
Centro catalogador/agencia de origen DO-SdBNP
Lengua de catalogación spa
Centro/agencia transcriptor BNPHU
Normas de descripción rda
082 #4 - NÚMERO DE LA CLASIFICACIÓN DECIMAL DEWEY
Número de clasificación 781.628
Número de documento/Ítem H731c
Número de edición 22
100 1# - ENTRADA PRINCIPAL--NOMBRE DE PERSONA
Nombre de persona Holguín Veras, Miguel A.,
Fechas asociadas al nombre 1927-2007
9 (RLIN) 13921
245 10 - MENCIÓN DE TÍTULO
Título Canciones antiguas dominicanas :
Resto del título análisis acerca de su autoría /
Mención de responsabilidad, etc. Miguel Holguín Veras ; introducción, Arístides Incháutegui.
264 ## - PRODUCCIÓN, PUBLICACIÓN, DISTRIBUCIÓN, FABRICACIÓN Y COPYRIGHT
Producción, publicación, distribución, fabricación y copyright Santo Domingo :
Nombre del de productor, editor, distribuidor, fabricante Académia de Ciencias de la República Dominicana,
Fecha de producción, publicación, distribución, fabricación o copyright 2001.
300 ## - DESCRIPCIÓN FÍSICA
Extensión 174 páginas :
Otras características físicas ilustraciones, retratos y música ;
Dimensiones 28 cm.
336 ## - TIPO DE CONTENIDO
Fuente rdacontent
Término de tipo de contenido texto
Código de tipo de contenido txt
337 ## - TIPO DE MEDIO
Fuente rdamedia
Nombre/término del tipo de medio sin mediación
Código del tipo de medio n
338 ## - TIPO DE SOPORTE
Fuente rdacarrier
Nombre/término del tipo de soporte volumen
Código del tipo de soporte nc
500 ## - NOTA GENERAL
Nota general Incluye datos biográficos del autor en la solapa de la cubierta.
505 ## - NOTA DE CONTENIDO CON FORMATO
Nota de contenido con formato Agradecimiento.-- Palabras Introductoria.-- Presentación.
Título "En el Fondo del Mar".-- "Serenata".-- "Incertidumbre".-- "Renunciación".-- "Imposible".-- "Desesperanza".-- "Anhelos".-- "Ella es así".-- "Trigueña".-- "Mis deleites".-- "Ven a mí".-- "Ante una tumba".-- Estrella mía".-- "Para tí".-- "El silfo".-- "Dile así".--- "Visión".-- "Persuasión".-- "Resignación".-- "Dime".-- "Tus cabellos".-- "En tu natalicio".-- "Necesito olvidar".-- "Perfidia".-- "Desesperación".-- "No sé".-- Bucolia.-- "Invitación".-- "En el silencio de la noche".-- La voz de mi dolor".--
-- "A Juanita".-- "La Paloma Blanca".-- "Nunca".-- "Esperanzas".-- "Adoración".-- "Cruel destino".-- "Del pensil indiano.".-- "Así es mi amor".-- "De claveles y jazmines".-- "Anhelando".-- "Nadie sabe".-- "Mi bien querido".-- "Déjame volver al nido".-- "Sin igual".-- "Ilusiones perdidas".-- "Ya soy feliz."-- "La flor que cogiste".-- "Piedad".-- "Flor entre flores".-- "Arroyuelo cristalino".-- Apéndice".-- Biografías.-- Canciones en el álbum.-- Autores de textos, en orden alfabético.-- Cuadro de Compositores y/o autores de la canciones incluidas en el estudio, con mención del número de composición de cuya autoría participa.-- Bibliografía mínima.
590 ## - NOTA LOCAL (RLIN)
Nota local Inventariado 2023 / MF
650 #4 - PUNTO DE ACCESO ADICIONAL DE MATERIA--TÉRMINO DE MATERIA
Término de materia o nombre geográfico como elemento de entrada Canciones folclóricas dominicanas
Subdivisión general Historia y crítica
9 (RLIN) 26118
700 ## - PUNTO DE ACCESO ADICIONAL--NOMBRE DE PERSONA
Nombre de persona Incháutegui, Arístides,
Fechas asociadas al nombre 1938-
9 (RLIN) 26119
Término indicativo de función/relación introducción
910 ## - DATOS DE OPCIÓN DEL USUARIO (OCLC)
Datos de opción del usuario Btavárez
942 ## - ELEMENTOS DE PUNTO DE ACCESO ADICIONAL (KOHA)
Fuente del sistema de clasificación o colocación Dewey Decimal Classification
Tipo de ítem Koha Libro
Holdings
Estado de retiro Estado de pérdida Fuente del sistema de clasificación o colocación Restricciones de uso No para préstamo Código de colección Localización permanente Ubicación/localización actual Ubicación en estantería Fecha de adquisición Fuente de adquisición Signatura topográfica completa Código de barras Fecha visto por última vez Precio válido a partir de Tipo de ítem Koha Número de copia Nota pública Total de préstamos
    Dewey Decimal Classification Excluido de préstamo   Patrimonio Dominicano Biblioteca Nacional Pedro Henríquez Ureña Biblioteca Nacional Pedro Henríquez Ureña En catalogación 12.10.2009 Compra BNPHU PD 781.628 H731c 10809-10 25.06.2020 25.06.2020 Libro      
    Dewey Decimal Classification Excluido de préstamo   Patrimonio Dominicano Biblioteca Nacional Pedro Henríquez Ureña Biblioteca Nacional Pedro Henríquez Ureña En catalogación 22.06.2020 Donación BNPHU PD 781.628 H731c 2023-0384 24.01.2023 24.01.2023 Libro e.2 Donado por lafamilia de Lebrón Saviñón.  
    Dewey Decimal Classification Préstamo en sala   Dominicana de Servicio Biblioteca Nacional Pedro Henríquez Ureña Biblioteca Nacional Pedro Henríquez Ureña En catalogación 17.05.2023 Donación BNPHU DS 781.628 H731c 2023-1958 17.05.2023 17.05.2023 Libro e.3 Donado a la biblioteca por la familia Lebrón Saviñón  
    Dewey Decimal Classification Préstamo en sala   Dominicana de Servicio Biblioteca Nacional Pedro Henríquez Ureña Biblioteca Nacional Pedro Henríquez Ureña Extraviado 17.05.2023   BNPHU DS 781.628 H731c 2023-1959 17.05.2023 17.05.2023 Libro e.4    

Powered by Koha